00887nam a22002297a 4500003000400000005001700004008004100021020001800062040002300080082001800103100002200121245020300143260006700346300003700413504005100450650002400501650002400525650003900549700002100588700002300609700002500632OSt20240530110424.0150319s2011 ua aol g b 001 0 eng d a9782724705539 aEG-CaGPLcEG-CaGPL04221a932\bK A1 aKeith, Jean Lewis10a Anthropoid busts of Deir el Medineh and other sites and collections :banalyses, catalogue, appendices /cJean Lewis Keith ; with contributions by Sylvie Donnat, Anna K. Stevens, Nicola Harrington. aCairo :bInstitut français d'archéologie orientale,c2011. aXV-414 p. :bcol. ill. ;c33 cm. aIncludes bibliographical references and index.0 aSculpturexEgyptian0 aArchaeologyz Egypt0 aArchaeologyz Deir el-Medina Site.1 aDonnat , Sylvie 1 aStevens , Anna K. 1 aHarrington , Nicola